Ces dates qui ont fait la France #1 - Statistiques

Statistiques générales
  • Ce quiz a été pris 66 fois
  • Le résultat moyen est 4 sur 10
Statistiques - réponses
Hint Réponse % Correct
14 Juillet 1789 Prise de la Bastille
98%
11 Novembre 1918 Armistice
96%
18 Juin 1940 Appel du Général de Gaulle
56%
25 Décembre 800 Couronnement de Charlemagne
32%
6 Juin 1944 Débarquement de Normandie
32%
2 décembre 1804 Sacre de Napoléon
32%
13 avril 1598 Edit de Nantes
19%
27 juillet 1214 Bataille de Bouvines
9%
20 septembre 1792 Bataille de Valmy
7%
4 septembre 1870 Proclamation de la République
4%
Aucun quiz correspondant
Distribution des résultats
% des personnes avec chaque résultat
Percentile par nombre de réponses
Votre historique - résultats
Vous n’avez pas pris ce quiz